Bipartite voluntary peer review of competition law and policy (Record no. 84689)

MARC details
000 -LEADER
fixed length control field 01198nam a2200217 a 4500
008 - FIXED-LENGTH DATA ELEMENTS--GENERAL INFORMATION
fixed length control field 151126s2015 ||||||||||||||||| || u
050 ## - LIBRARY OF CONGRESS CALL NUMBER
Classification number UNCTAD(058)BCLP/2015A
110 ## - MAIN ENTRY--CORPORATE NAME
Corporate name or jurisdiction name as entry element United Nations Conference on Trade and Development (UNCTAD)
245 10 - TITLE STATEMENT
Title Bipartite voluntary peer review of competition law and policy
Statement of responsibility, etc. By The United Nations Conference on Trade and Development (UNCTAD)
260 ## - PUBLICATION, DISTRIBUTION, ETC.
Place of publication, distribution, etc. New York: Geneva
Name of publisher, distributor, etc. United Nations Conference on Trade and Development (UNCTAD)
Date of publication, distribution, etc. 2015
300 ## - PHYSICAL DESCRIPTION
Extent 90p.: ill.
362 1# -
-- Has National self-assessment reports and comparative report for Fiji and Papua New Guinea.
500 ## - GENERAL NOTE
General note Bibliography
650 ## - SUBJECT ADDED ENTRY--TOPICAL TERM
Topical term or geographic name entry element COMPETITION LAW AND POLICY--FIJI
650 #0 - SUBJECT ADDED ENTRY--TOPICAL TERM
Topical term or geographic name entry element INTERNATIONAL ECONOMIC RELATIONS--HANDBOOKS, MANUALS, E.T.C
650 #0 - SUBJECT ADDED ENTRY--TOPICAL TERM
Topical term or geographic name entry element COMPETITION --GOVERNMENT POLICY -- SEYCHELLES
650 ## - SUBJECT ADDED ENTRY--TOPICAL TERM
Topical term or geographic name entry element TRADE POLICY--PAPUA NEW GUINEA
650 #0 - SUBJECT ADDED ENTRY--TOPICAL TERM
Topical term or geographic name entry element COMMERCE
995 ## -
-- SPECIAL COLLECTIONS
-- 2066
-- CBU-MAIN LIBRARY (Kitwe)
-- UNCTAD(058)BCLP/2015A
-- 1
-- AVAILABLE
-- Nov 30, 2015
-- B2066
-- International Publications
995 ## -
-- SPECIAL COLLECTIONS
-- 2067
-- CBU-MAIN LIBRARY (Kitwe)
-- UNCTAD(058)BCLP/2015B
-- 2
-- AVAILABLE
-- Nov 30, 2015
-- B2067
-- International Publications
999 ## -
-- 84689
-- 84689

No items available.